| 000 | 00895 a2200313 4500 | ||
|---|---|---|---|
| 001 | 114918 | ||
| 020 | _a9780778703082 (RLB) | ||
| 020 | _a9780778703204 (pbk.) | ||
| 041 | _apor | ||
| 090 | _aP SK 577 CHE | ||
| 092 | _a00065997 | ||
| 250 | _a. ed. | ||
| 300 | _a39 p. | ||
| 490 | _aNature unfolds | ||
| 697 | _aRain forest ecology - Amazon River Region. | ||
| 697 | _aSwamp ecology - Amazon River Watershed | ||
| 697 | _aRain forests - Amazon River Region. | ||
| 697 | _aAmazon River Region | ||
| 697 | _aEcology. | ||
| 697 | _aRain forest ecology - Amazon River Watershed | ||
| 697 | _aSwamp ecology - Amazon River Region. | ||
| 697 | _aSwamp ecology. | ||
| 830 | _aNature unfolds | ||
| 040 |
_aBR-BrIDEA _cBR-BrIDEA |
||
| 100 |
_aCheshire, Gerard _d1965 |
||
| 245 | 1 | 0 |
_aThe tropical rainforest _c Gerard Cheshire |
| 260 |
_aNew York _bCrabtree _c2001 |
||
| 942 | _cBK | ||
| 999 |
_c114918 _d114918 |
||